<?xml version="1.0" encoding="UTF-8"?>
<collection xmlns="http://www.loc.gov/MARC21/slim">
 <record>
  <leader>01719nam a2200229 a 4500</leader>
  <controlfield tag="001">TVCDKTCT6206</controlfield>
  <controlfield tag="003">Thư viện trường Cao đẳng Kỹ thuật Cao Thắng</controlfield>
  <controlfield tag="005">20061204000000</controlfield>
  <controlfield tag="008">061204</controlfield>
  <datafield tag="980" ind1="\" ind2="\">
   <subfield code="a">Thư viện Trường CĐ Kỹ Thuật Cao Thắng</subfield>
  </datafield>
  <datafield tag="024" ind1=" " ind2=" ">
   <subfield code="a">RG_1 #1 eb0 i1</subfield>
  </datafield>
  <datafield tag="041" ind1="0" ind2="#">
   <subfield code="a">vie</subfield>
  </datafield>
  <datafield tag="082" ind1="#" ind2="#">
   <subfield code="a">370.11 / </subfield>
   <subfield code="b">H107T-m</subfield>
  </datafield>
  <datafield tag="100" ind1="1" ind2="#">
   <subfield code="a">J. Ryan M.</subfield>
  </datafield>
  <datafield tag="245" ind1="0" ind2="0">
   <subfield code="a">Hạnh phúc không khó tìm . Tập 2 /</subfield>
   <subfield code="c">J. Ryan M.</subfield>
  </datafield>
  <datafield tag="246" ind1="0" ind2="1">
   <subfield code="a">The Happiness Makeover</subfield>
  </datafield>
  <datafield tag="250" ind1="#" ind2="#">
   <subfield code="a">In lần thứ 1</subfield>
  </datafield>
  <datafield tag="260" ind1="#" ind2="#">
   <subfield code="a">Tp.HCM :</subfield>
   <subfield code="b">Trẻ ,</subfield>
   <subfield code="c">2006</subfield>
  </datafield>
  <datafield tag="300" ind1="#" ind2="#">
   <subfield code="a">157tr. ;</subfield>
   <subfield code="c">20,5cm</subfield>
  </datafield>
  <datafield tag="520" ind1="#" ind2="#">
   <subfield code="a">Hạnh phúc không lệ thuộc nhiều vào người khác và hoàn cảnh bên ngoài. Hạnh phúc không phụ thuộc vào những gì bạn có. Hạnh phúc bắt nguồn từ nội tâm, từ cách nhìn, cách ứng biến và cảm nhận cuộc sống. Hạnh phúc không khó tìm. Đến một lúc nào đó bạn sẽ nhận ra rằng cuộc đời bạn thực sự thay đổi - đơn giản là khi bạn có cái nhìn rộng mở, vị tha, với chính mình và với mọi người, biết yêu thương cuộc sống. Bạn là người quyết định mình trở thành một kẻ cô đơn  giữa cuộc đời này, hay là một người biết cảm nhận cuộc sống tràn đầy những niềm vui rộng mở và ý nghĩa tuyệt vời như vốn có. Hạnh phúc không khó tìm, không ở đâu xa mà nó ở ngay bên bạn.</subfield>
  </datafield>
  <datafield tag="650" ind1="#" ind2="4">
   <subfield code="a">Hạnh phúc</subfield>
  </datafield>
  <datafield tag="650" ind1="#" ind2="4">
   <subfield code="a">Niềm tin</subfield>
  </datafield>
 </record>
</collection>
